Países del Mundo - 15 Segundos de Sprint - Estadísticas

Estadísticas generales
  • Esta prueba ha sido intentada 1.040 veces
  • La puntuación promedio es 11 de 196
Respuestas en el mapa
Las respuestas están codificadas por una escala verde-roja en el mapa de la prueba según el % correcto abajo.
 
Estadísticas de respuestas
país % Correcto
Estados Unidos
54%
España
49%
Canadá
45%
Rusia
44%
China
43%
México
33%
Chile
32%
Brasil
28%
Francia
28%
Perú
28%
Argentina
24%
India
18%
Portugal
18%
Japón
16%
Chad
14%
Irak
14%
Irán
14%
Italia
14%
República Democrática del Congo
14%
Cuba
12%
Alemania
11%
Emiratos Árabes Unidos
11%
República del Congo
11%
Togo
11%
Colombia
10%
Ecuador
10%
Andorra
9%
Bolivia
9%
Malí
9%
Australia
8%
Benín
8%
Belice
7%
Chipre
7%
Fiyi
7%
Irlanda
7%
Laos
7%
Mónaco
7%
Omán
7%
Panamá
7%
Reino Unido
7%
Sudán
7%
Suecia
7%
Uruguay
7%
Venezuela
7%
Dinamarca
6%
Guatemala
6%
Haití
6%
Islandia
6%
Libia
6%
Níger
6%
República Dominicana
6%
Suiza
6%
Yemen
6%
Corea del Sur
5%
Ghana
5%
Lituania
5%
Mongolia
5%
Nepal
5%
Noruega
5%
Paraguay
5%
República Centroafricana
5%
Siria
5%
Tonga
5%
Baréin
4%
Bután
4%
Catar
4%
Estonia
4%
Finlandia
4%
Letonia
4%
Malta
4%
Palaos
4%
Samoa
4%
Túnez
4%
Argelia
3%
Austria
3%
Bélgica
3%
Brunéi
3%
Costa Rica
3%
Egipto
3%
Grecia
3%
Guinea
3%
Guyana
3%
Honduras
3%
Indonesia
3%
Jamaica
3%
Malaui
3%
Marruecos
3%
Nauru
3%
Nicaragua
3%
Nigeria
3%
Nueva Zelanda
3%
Países Bajos
3%
Papua Nueva Guinea
3%
Rumania
3%
San Marino
3%
Sudáfrica
3%
Sudán del Sur
3%
Ucrania
3%
Albania
2%
Angola
2%
Armenia
2%
Bahamas
2%
Bielorrusia
2%
Botsuana
2%
Ciudad del Vaticano
2%
Comoras
2%
Corea del Norte
2%
Croacia
2%
Dominica
2%
El Salvador
2%
Eritrea
2%
Gabón
2%
Kazajistán
2%
Polonia
2%
Surinam
2%
Turquía
2%
Uganda
2%
Vanuatu
2%
Afganistán
1%
Arabia Saudita
1%
Azerbaiyán
1%
Bangladés
1%
Bosnia y Herzegovina
1%
Bulgaria
1%
Burundi
1%
Camboya
1%
Eslovaquia
1%
Eslovenia
1%
Estados Federados de Micronesia
1%
Etiopía
1%
Filipinas
1%
Gambia
1%
Granada
1%
Guinea Ecuatorial
1%
Hungría
1%
Islas Salomón
1%
Israel
1%
Jordania
1%
Kenia
1%
Kirguistán
1%
Kiribati
1%
Kuwait
1%
Lesoto
1%
Líbano
1%
Liberia
1%
Liechtenstein
1%
Luxemburgo
1%
Madagascar
1%
Maldivas
1%
Mauricio
1%
Mauritania
1%
Moldavia
1%
Pakistán
1%
República Checa
1%
República de Macedonia
1%
Ruanda
1%
Senegal
1%
Serbia
1%
Singapur
1%
Somalia
1%
Sri Lanka
1%
Taiwán
1%
Tanzania
1%
Timor Oriental
1%
Vietnam
1%
Yibuti
1%
Antigua y Barbuda
0%
Barbados
0%
Birmania
0%
Burkina Faso
0%
Cabo Verde
0%
Camerún
0%
Costa de Marfil
0%
Georgia
0%
Guinea-Bissau
0%
Islas Marshall
0%
Kosovo
0%
Malasia
0%
Montenegro
0%
Mozambique
0%
Namibia
0%
San Cristóbal y Nieves
0%
Santa Lucía
0%
Santo Tomé y Príncipe
0%
San Vicente y las Granadinas
0%
Seychelles
0%
Sierra Leona
0%
Suazilandia
0%
Tailandia
0%
Tayikistán
0%
Trinidad y Tobago
0%
Turkmenistán
0%
Tuvalu
0%
Uzbekistán
0%
Zambia
0%
Zimbabue
0%
No se encontraron pruebas coincidentes
Distribución de puntuación
Porcentaje de gente con cada puntuación
Porcentaje por número respondido
Historial de tus puntuaciones
No has intentado esta prueba.